<?xml version="1.0" encoding="UTF-8"?><?xml-stylesheet type="text/xsl" href="static/style.xsl"?><OAI-PMH xmlns="http://www.openarchives.org/OAI/2.0/" xmlns:xsi="http://www.w3.org/2001/XMLSchema-instance" xsi:schemaLocation="http://www.openarchives.org/OAI/2.0/ http://www.openarchives.org/OAI/2.0/OAI-PMH.xsd"><responseDate>2026-04-13T15:13:21Z</responseDate><request verb="GetRecord" identifier="oai:www.recercat.cat:2072/421938" metadataPrefix="marc">https://recercat.cat/oai/request</request><GetRecord><record><header><identifier>oai:recercat.cat:2072/421938</identifier><datestamp>2025-04-25T20:03:50Z</datestamp><setSpec>com_2072_98</setSpec><setSpec>col_2072_378196</setSpec></header><metadata><record xmlns="http://www.loc.gov/MARC21/slim" xmlns:dcterms="http://purl.org/dc/terms/" xmlns:xsi="http://www.w3.org/2001/XMLSchema-instance" xmlns:doc="http://www.lyncode.com/xoai" xsi:schemaLocation="http://www.loc.gov/MARC21/slim http://www.loc.gov/standards/marcxml/schema/MARC21slim.xsd">
   <leader>00925njm 22002777a 4500</leader>
   <datafield ind2=" " ind1=" " tag="042">
      <subfield code="a">dc</subfield>
   </datafield>
   <datafield ind2=" " ind1=" " tag="720">
      <subfield code="a">Fernández de la Rosa, Raúl</subfield>
      <subfield code="e">author</subfield>
   </datafield>
   <datafield ind2=" " ind1=" " tag="720">
      <subfield code="a">Universitat Autònoma de Barcelona. Facultat de Filosofia i Lletres</subfield>
      <subfield code="e">author</subfield>
   </datafield>
   <datafield ind2=" " ind1=" " tag="260">
      <subfield code="c">2015</subfield>
   </datafield>
   <datafield ind2=" " ind1=" " tag="520">
      <subfield code="a">A partir de la cita de Max Aub, que bien pudo ser de Borges, el trabajo quiere adentrarse en la idea que en esta subyace: la creación de la autoría o la otredad de la creación. Para ello se prestará atención a los trabajos del autor que ahondan en la construcción de una nueva o falsa identidad. Esa reflexión de la autoría entronca con una modernidad que camina hacia la democratización de la red o la pérdida del autor, desde una época que vanagloria la idea del escritor con nombre y apellidos, incluso en los textos de épocas en los cuales la concepción de la autoría carecía de forma. Todo ello parece más que un juego de historia y ficción, y es aquí el lugar donde la mal llamada literatura de juego de Max Aub se torna profundo análisis de un fin de época y del porvenir. La tesis de este estudio pretende demostrar que ambas posturas, en la obra última del valenciano, son una profunda reflexión filosófica y metaliteraria de la realidad que Aub vislumbra. J.L. Borges e Italo Calvino son un punto comparativo y de unión de la reflexión Aubiana que se pretende constatar.</subfield>
   </datafield>
   <datafield tag="653" ind2=" " ind1=" ">
      <subfield code="a">Aub, Max, 1903-1972</subfield>
   </datafield>
   <datafield tag="653" ind2=" " ind1=" ">
      <subfield code="a">Autoria</subfield>
   </datafield>
   <datafield tag="653" ind2=" " ind1=" ">
      <subfield code="a">Ficcions, Teoria de les</subfield>
   </datafield>
   <datafield ind2="0" ind1="0" tag="245">
      <subfield code="a">"Las ideas no son de nadie, sino del tiempo" : texto y autoría en la obra última de Max Aub</subfield>
   </datafield>
</record></metadata></record></GetRecord></OAI-PMH>